Theories of counseling and psychotherapy : (Record no. 52541)

MARC details
000 -LEADER
fixed length control field 00620nam a2200217Ia 4500
005 - DATE AND TIME OF LATEST TRANSACTION
control field 20260429112133.0
008 - FIXED-LENGTH DATA ELEMENTS--GENERAL INFORMATION
fixed length control field 260429s9999||||xx |||||||||||||| ||und||
020 ## - INTERNATIONAL STANDARD BOOK NUMBER
International Standard Book Number 9789367134863
041 ## - LANGUAGE CODE
Language English
082 ## - DEWEY DECIMAL CLASSIFICATION NUMBER
Classification number 616.8914
Item number KRE
100 ## - MAIN ENTRY--PERSONAL NAME
Personal name Kress, Victoria E.
245 #0 - TITLE STATEMENT
Title Theories of counseling and psychotherapy :
Remainder of title systems, strategies, and skills /
Statement of responsibility, etc Victoria E. Kress
250 ## - EDITION STATEMENT
Edition statement 5th ed.
260 ## - PUBLICATION, DISTRIBUTION, ETC. (IMPRINT)
Place of publication, distribution, etc Noida :
Name of publisher, distributor, etc Pearson,
Date of publication, distribution, etc 2026.
300 ## - PHYSICAL DESCRIPTION
Extent xxix, 594 p.; pbk
650 ## - SUBJECT ADDED ENTRY--TOPICAL TERM
Topical term or geographic name as entry element Couseling
650 ## - SUBJECT ADDED ENTRY--TOPICAL TERM
Topical term or geographic name as entry element Psychotherapy
700 ## - ADDED ENTRY--PERSONAL NAME
Personal name Reichenberg, Lourie W.
700 ## - ADDED ENTRY--PERSONAL NAME
Personal name Seligman, Linda
942 ## - ADDED ENTRY ELEMENTS (KOHA)
Koha item type Text Books
Holdings
Withdrawn status Lost status Damaged status Not for loan Collection code Home library Location Shelving location Date of Cataloging Source of acquisition Total Checkouts Full call number Barcode Date last seen Price effective from Koha item type
        Non-fiction CUTN Central Library CUTN Central Library Medicine, Technology & Management 29/04/2026 TBH Library Book Suppliers, Chennai - Invoice No. SINV00732 on 09-02-2026   616.8914 KRE 57644 29/04/2026 29/04/2026 Text Books